宮城県にある駅 - Statistics

General Stats
  • This quiz has been taken 37 times
    35 since last reset
  • The average score is 124 of 174
Answer Stats
Hint Answer % Correct
仙山線 | 仙石線 | 南北線 | +4 others 仙台駅 仙台市
96%
東北新幹線 白石蔵王駅 白石市
91%
東北新幹線 | 陸羽東線 古川駅 大崎市
91%
東北本線 白石駅 白石市
91%
仙台空港線 | 常磐線 | 東北本線 名取駅 名取市
91%
常磐線 | 東北本線 南仙台駅 仙台市
91%
南北線 | 常磐線 | 東北本線 長町駅 仙台市
91%
仙石線 あおば通駅 仙台市
91%
仙石線 | 石巻線 石巻駅 石巻市
91%
東北新幹線 くりこま高原駅 栗原市
87%
東北本線 東白石駅 白石市
87%
東北本線 大河原駅 大河原町
87%
常磐線 | 東北本線 岩沼駅 岩沼市
87%
東北本線 東仙台駅 仙台市
87%
東北本線 陸前山王駅 多賀城市
87%
東北本線 国府多賀城駅 多賀城市
87%
東北本線 松島駅 松島町
87%
東北本線 | 石巻線 | 陸羽東線 小牛田駅 美里町
87%
仙山線 | 南北線 北仙台駅 仙台市
87%
仙台空港線 杜せきのした駅 名取市
87%
大船渡線 気仙沼駅 気仙沼市
87%
常磐線 | 東北本線 館腰駅 名取市
83%
常磐線 | 東北本線 太子堂駅 仙台市
83%
利府支線 | 東北本線 岩切駅 仙台市
83%
利府支線 利府駅 利府町
83%
仙石線 宮城野原駅 仙台市
83%
仙石線 多賀城駅 多賀城市
83%
仙石線 西塩釜駅 塩竈市
83%
仙石線 本塩釜駅 塩竈市
83%
仙石線 東塩釜駅 塩竈市
83%
仙石線 松島海岸駅 松島町
83%
仙石線 石巻あゆみ野駅 石巻市
83%
仙台空港線 仙台空港駅 名取市
83%
気仙沼線 | 石巻線 前谷地駅 石巻市
83%
石巻線 女川駅 女川町
83%
東西線 八木山動物公園駅 仙台市
83%
東西線 荒井駅 仙台市
83%
南北線 泉中央駅 仙台市
83%
南北線 北四番丁駅 仙台市
83%
南北線 長町南駅 仙台市
83%
東北本線 船岡駅 柴田町
78%
東北本線 | 阿武隈急行線 槻木駅 柴田町
78%
東北本線 塩釜駅 塩竈市
78%
東北本線 鹿島台駅 大崎市
78%
利府支線 新利府駅 利府町
78%
仙石線 榴ヶ岡駅 仙台市
78%
仙石線 陸前原ノ町駅 仙台市
78%
仙石線 苦竹駅 仙台市
78%
仙石線 小鶴新田駅 仙台市
78%
仙石線 高城町駅 松島町
78%
仙石線 矢本駅 東松島市
78%
仙山線 東照宮駅 仙台市
78%
仙山線 東北福祉大前駅 仙台市
78%
仙山線 愛子駅 仙台市
78%
仙台空港線 美田園駅 名取市
78%
石巻線 涌谷駅 涌谷町
78%
陸羽東線 鳴子温泉駅 大崎市
78%
阿武隈急行線 丸森駅 丸森町
78%
東西線 川内駅 仙台市
78%
東西線 国際センター駅 仙台市
78%
南北線 八乙女駅 仙台市
78%
南北線 勾当台公園駅 仙台市
78%
南北線 広瀬通駅 仙台市
78%
南北線 五橋駅 仙台市
78%
南北線 富沢駅 仙台市
78%
東北本線 愛宕駅 松島町
74%
東北本線 石越駅 登米市
74%
仙山線 北山駅 仙台市
74%
仙山線 陸前落合駅 仙台市
74%
仙山線 作並駅 仙台市
74%
阿武隈急行線 角田駅 角田市
74%
東西線 青葉山駅 仙台市
74%
東西線 青葉通一番町駅 仙台市
74%
東西線 宮城野通駅 仙台市
74%
東西線 卸町駅 仙台市
74%
東西線 六丁の目駅 仙台市
74%
南北線 黒松駅 仙台市
74%
南北線 台原駅 仙台市
74%
南北線 長町一丁目駅 仙台市
74%
東北本線 品井沼駅 松島町
70%
仙石線 福田町駅 仙台市
70%
仙石線 陸前浜田駅 利府町
70%
仙石線 野蒜駅 東松島市
70%
仙山線 葛岡駅 仙台市
70%
常磐線 亘理駅 亘理町
70%
陸羽東線 西古川駅 大崎市
70%
陸羽東線 岩出山駅 大崎市
70%
東北本線 越河駅 白石市
65%
東北本線 北白川駅 白石市
65%
東北本線 松山町駅 大崎市
65%
仙石線 中野栄駅 仙台市
65%
仙石線 下馬駅 多賀城市
65%
仙山線 陸前白沢駅 仙台市
65%
常磐線 逢隈駅 亘理町
65%
石巻線 上涌谷駅 涌谷町
65%
陸羽東線 東大崎駅 大崎市
65%
陸羽東線 鳴子御殿湯駅 大崎市
65%
阿武隈急行線 あぶくま駅 丸森町
65%
東西線 大町西公園駅 仙台市
65%
東西線 連坊駅 仙台市
65%
南北線 旭ヶ丘駅 仙台市
65%
仙石線 陸前高砂駅 仙台市
61%
仙石線 東矢本駅 東松島市
61%
仙山線 国見駅 仙台市
61%
仙山線 奥新川駅 仙台市
61%
常磐線 山下駅 山元町
61%
常磐線 坂元駅 山元町
61%
陸羽東線 川渡温泉駅 大崎市
61%
阿武隈急行線 南角田駅 角田市
61%
南北線 愛宕橋駅 仙台市
61%
南北線 河原町駅 仙台市
61%
東北本線 瀬峰駅 栗原市
57%
仙石線 陸前大塚駅 東松島市
57%
仙石線 陸前小野駅 東松島市
57%
仙石線 陸前山下駅 石巻市
57%
仙山線 熊ヶ根駅 仙台市
57%
常磐線 浜吉田駅 亘理町
57%
石巻線 渡波駅 石巻市
57%
石巻線 万石浦駅 石巻市
57%
気仙沼線 のの岳駅 涌谷町
57%
気仙沼線 柳津駅 登米市
57%
陸羽東線 西大崎駅 大崎市
57%
陸羽東線 中山平温泉駅 大崎市
57%
阿武隈急行線 北丸森駅 丸森町
57%
東西線 薬師堂駅 仙台市
57%
東北本線 田尻駅 大崎市
52%
東北本線 新田駅 登米市
52%
仙石線 陸前富山駅 松島町
52%
仙石線 東名駅 東松島市
52%
仙石線 陸前赤井駅 東松島市
52%
陸羽東線 陸前谷地駅 美里町
52%
陸羽東線 有備館駅 大崎市
52%
阿武隈急行線 岡駅 角田市
52%
阿武隈急行線 東船岡駅 柴田町
52%
仙石線 手樽駅 松島町
48%
仙石線 鹿妻駅 東松島市
48%
仙石線 蛇田駅 石巻市
48%
石巻線 陸前稲井駅 石巻市
48%
石巻線 佳景山駅 石巻市
43%
石巻線 浦宿駅 女川町
43%
東北本線 梅ヶ沢駅 登米市
39%
気仙沼線 陸前豊里駅 登米市
39%
陸羽東線 北浦駅 美里町
39%
石巻線 鹿又駅 石巻市
35%
陸羽東線 塚野目駅 大崎市
35%
石巻線 曽波神駅 石巻市
30%
石巻線 沢田駅 石巻市
30%
陸羽東線 池月駅 大崎市
30%
気仙沼線 御岳堂駅 登米市
26%
陸羽東線 上野目駅 大崎市
26%
気仙沼線 和渕駅 石巻市
22%
阿武隈急行線 横倉駅 角田市
17%
No matching quizzes found
Score Distribution
Percent of People with Each Score
Percentile by Number Answered
Your Score History
You have not taken this quiz since the last reset